000 005570000a22002170004500
090 _aAR
_b00348
245 1 0 _aManejo de manglares en Venezuela
650 1 4 _aPlanes de ordenación de manglares
_993258
650 1 4 _aUso sostenible
_9344
650 1 4 _aManglares
_993259
651 4 _pVenezuela
_992749
653 _gRhizophora
653 _gAvicennia
653 _gBruguiera
653 _gLaguncularia
653 _gConocarpus
041 0 _aEspañol
100 1 _aLuna Lugo, Aníbal
_993260
942 _cARTICULO
773 1 _tPreprint
_33
_q41-56
_d1971?
999 _c9446
_d9446